| 000 | 01592cpcaa2200337 a 4500 | ||
|---|---|---|---|
| 001 | mm 70053934 | ||
| 003 | DLC | ||
| 005 | 20260227111614.0 | ||
| 008 | 730514|||||||||||| eng | ||
| 010 |
_amm 70053934 _bms 72001703 |
||
| 040 |
_aDLC _cDLC _edacs _dDLC |
||
| 072 | 7 |
_aR _2lcmd |
|
| 100 | 1 |
_aBristol, Mark L. _q(Mark Lambert), _d1868-1939. |
|
| 245 | 0 | 0 |
_aMark L. Bristol papers, _f1913-1918. |
| 300 |
_a100 _fitems. |
||
| 300 |
_a1 _fcontainer. |
||
| 506 | 0 | _aOpen to research. | |
| 520 | 8 | _aCarbon copies of letters sent, speech, testimony before Congress, reports, memoranda, and list of officers relating to the naval aeronautics program, which Bristol served as director. Recipients of letters include Washington Irving Chambers, Alan Ramsay Hawley, Thomas S. Martin, Henry Croskey Mustin, and Henry Woodhouse. | |
| 545 | 0 | _aNaval officer. | |
| 580 | _aForms part of: Naval Historical Foundation collection. | ||
| 600 | 1 | 0 |
_aChambers, Washington Irving, _d1856-1934 _vCorrespondence. |
| 600 | 1 | 0 |
_aHawley, Alan Ramsay, _d1869-1938 _vCorrespondence. |
| 600 | 1 | 0 |
_aMartin, Thomas S. _q(Thomas Staples), _d1847-1919 _vCorrespondence. |
| 600 | 1 | 0 |
_aMustin, Henry Croskey, _d1874-1923 _vCorrespondence. |
| 600 | 1 | 0 |
_aWoodhouse, Henry, _d1884- _vCorrespondence. |
| 610 | 1 | 0 |
_aUnited States. _bNavy _xAviation. |
| 656 | 7 |
_aNaval officers. _2itoamc |
|
| 999 |
_c39213 _d39213 |
||